Rotating Electric Machinery and Transformer Technology (Record no. 1083)

MARC details
000 -LEADER
fixed length control field 00666nam a2200229 a 4500
003 - CONTROL NUMBER IDENTIFIER
control field PK-NaQUE
005 - DATE AND TIME OF LATEST TRANSACTION
control field 20250815094830.0
008 - FIXED-LENGTH DATA ELEMENTS--GENERAL INFORMATION
fixed length control field 250815b ||||| |||| 00| 0 eng d
020 ## - INTERNATIONAL STANDARD BOOK NUMBER
International Standard Book Number 0835967506 (paperback)
020 ## - INTERNATIONAL STANDARD BOOK NUMBER
International Standard Book Number 9780835967501 (paperback)
040 ## - CATALOGING SOURCE
Transcribing agency QUEST
082 ## - DEWEY DECIMAL CLASSIFICATION NUMBER
Classification number 621.31042RIC
100 1# - MAIN ENTRY--PERSONAL NAME
Personal name Richardson, Donald V.
245 10 - TITLE STATEMENT
Title Rotating Electric Machinery and Transformer Technology
250 ## - EDITION STATEMENT
Edition statement 2nd ed.
260 ## - PUBLICATION, DISTRIBUTION, ETC. (IMPRINT)
Place of publication, distribution, etc Virginia
Name of publisher, distributor, etc Reston pub.
Date of publication, distribution, etc 1982.
300 ## - PHYSICAL DESCRIPTION
Extent xv,625 p.
650 ## - SUBJECT ADDED ENTRY--TOPICAL TERM
Topical term or geographic name as entry element Electric machinery
650 ## - SUBJECT ADDED ENTRY--TOPICAL TERM
Topical term or geographic name as entry element Electric transformers
856 40 - ELECTRONIC LOCATION AND ACCESS
Uniform Resource Identifier <a href="http://10.10.170.122:8080/browse/book/28124">http://10.10.170.122:8080/browse/book/28124</a>
Link text Download eBook
942 ## - ADDED ENTRY ELEMENTS (KOHA)
Koha item type Books
Source of classification or shelving scheme Dewey Decimal Classification
Holdings
Withdrawn status Lost status Damaged status Not for loan Collection code Home library Current library Date acquired Cost, normal purchase price Total Checkouts Full call number Barcode Date last seen Koha item type
        Reference Reference Section Reference Section 29/04/2014 717.10   621.31042RIC (Shelf -46D) 10141 29/04/2014 Books